000 00493nam a2200181Ia 4500
001 20923
005 20260306172841.0
008 260306t2022||||xx |||||||||||||| ||spa||
041 _aESP
082 _a343.8
_bV66
100 _aVillanueva Gutiérrez, Walker
_eAUT
245 0 _aTributación internacional:
_bconvenios de doble imposición y precios de transferencia
260 _c2022
300 _a249 páginas :
_c25 cm.
650 _aGEN
654 _aCCO
942 _cLIB
_dJUS
_fJUS
_2ddc
_n
999 _c20923
_d20923